| 000 | 00366nam a22001577a 4500 | ||
|---|---|---|---|
| 003 | SGT | ||
| 020 | _a9781604062564 | ||
| 082 |
_a617.8 _bH12R |
||
| 100 | _aRAWOOL,, VISHAKHA WAMAN | ||
| 245 | _aHEARING CONSERVATION : IN OCCUPATINAL RECREATIONL | ||
| 250 | _a1ST | ||
| 260 |
_aNEW YORK _bTHIEMS _c2012 |
||
| 300 | _a328 | ||
| 650 | _aAUDIOLOGY | ||
| 942 |
_2ddc _cBK |
||
| 999 |
_c20792 _d20792 |
||